[Event "AUTO-OPEN-2280"]
[Site "http://www.queenalice.com/game.php?id=907117"]
[Date "2011.3.1"]
[Round "1"]
[White "yonahel"]
[Black "guischerer"]
[Result "1-0"]
[WhiteElo "1828"]
[BlackElo "1402"]

1. g4 e5 2. Bg2 d5 3. c4 dxc4 4. Qa4+ c6 5. Qxc4 Be6 6. Qc3 Bd6 7. f4 exf4 8.
Qxg7 Qf6 9. Qxf6 Nxf6 10. Nc3 Bxg4 11. Nb5 Be5 12. d4 Bxd4 13. Nxd4 Nh5 14. Ngf3
b5 15. Ne5 O-O 16. Nxg4 Nd7 17. Bxc6 Rad8 18. Bxd7 Rxd7 19. Nxb5 f5 20. Nf2 h6
21. Nc3 a5 22. Nh3 Re8 23. Nxf4 Nxf4 24. Bxf4 h5 25. Rg1+ Kh7 26. Rg5 Kh6 27.
Rg8+ Kh7 28. Rxe8 h4 29. Rd1 Rg7 30. Rd6 Rg4 31. h3 Rxf4 32. Re7+ Kg8 33. Rd8#
1-0

[Event "AUTO-OPEN-2280"]
[Site "http://www.queenalice.com/game.php?id=907118"]
[Date "2011.3.1"]
[Round "1"]
[White "guischerer"]
[Black "yonahel"]
[Result "0-1"]
[WhiteElo "1385"]
[BlackElo "1911"]

1. e4 c5 2. Bc4 Nc6 3. d3 g6 4. Nf3 Bg7 5. O-O d6 6. Be3 Bxb2 7. Nbd2 Bxa1 8.
Qxa1 Nf6 9. Ng5 e6 10. h3 h6 11. Ngf3 e5 12. Rb1 Na5 13. Bb5+ Bd7 14. c4 Nc6 15.
g4 Nd4 16. Bxd7+ Qxd7 17. Nxd4 cxd4 18. Bxd4 exd4 19. Qxd4 Ke7 20. f3 b6 21. Rb4
Qe6 22. a4 Qe5 23. Qxe5+ dxe5 24. Rb5 Nd7 25. a5 h5 26. g5 h4 27. Nb3 Rh5 28.
Kf2 Rxg5 29. c5 bxc5 30. Nxc5 Rb8 31. Rxb8 Nxb8 32. a6 Rg3 33. d4 exd4 34. e5
Rxh3 35. f4 Re3 36. e6 h3 37. Kg1 d3 38. Kf2 Nxa6 39. Nxa6 Re2+ 40. Kf1 h2 41.
Nc5 h1=Q# 0-1

[Event "AUTO-OPEN-2281"]
[Site "http://www.queenalice.com/game.php?id=907555"]
[Date "2011.3.2"]
[Round "1"]
[White "rafaelalves"]
[Black "yonahel"]
[Result "0-1"]
[WhiteElo "1752"]
[BlackElo "1892"]

1. e4 Nc6 2. Nf3 e5 3. Bc4 Be7 4. O-O Nf6 5. d3 d6 6. Nc3 h6 7. Bb5 a6 8. Bxc6+
bxc6 9. h3 c5 10. b3 Be6 11. Ne2 Qd7 12. c4 O-O-O 13. Qd2 c6 14. Qa5 Qc7 15.
Qxa6+ Kd7 16. Qa3 g5 17. Qb2 g4 18. hxg4 Bxg4 19. Nh2 Rdg8 20. Ng3 h5 21. f3 h4
22. Nf5 Bxf5 23. exf5 Rh5 24. Kf2 Rxf5 25. Kg1 Nh5 26. Rf2 Bg5 27. Bxg5 Rfxg5
28. Ng4 f5 29. Ne3 Nf4 30. Qd2 Nh3+ 31. Kh2 Nxf2 32. Qxf2 Qd8 33. Rg1 Ke6 34.
Nf1 f4 35. Kh1 h3 36. g4 fxg3 37. Nxg3 Qf6 38. Kh2 Qf4 39. a3 Rf5 0-1

[Event "AUTO-OPEN-2281"]
[Site "http://www.queenalice.com/game.php?id=907556"]
[Date "2011.3.2"]
[Round "1"]
[White "yonahel"]
[Black "rafaelalves"]
[Result "1-0"]
[WhiteElo "1746"]
[BlackElo "1756"]

1. c4 e6 2. Nc3 Nf6 3. d4 Bb4 4. Qc2 O-O 5. e4 d5 6. e5 Ne4 7. a3 Bxc3+ 8. bxc3
c5 9. Bd3 Qh4 10. g3 Qg4 11. f3 Qh5 12. fxe4 cxd4 13. cxd4 dxc4 14. Bxc4 Nc6 15.
Be3 Rd8 16. Be2 Qg6 17. Nf3 f6 18. exf6 gxf6 19. Rd1 Bd7 20. Nh4 Qf7 21. O-O
Rac8 22. Qb2 Na5 23. d5 b6 24. Rxf6 Qg7 25. Bh6 Qe7 26. d6 1-0

[Event "AUTO-OPEN-2281"]
[Site "http://www.queenalice.com/game.php?id=907579"]
[Date "2011.3.2"]
[Round "1"]
[White "danbots5k"]
[Black "yonahel"]
[Result "1-0"]
[WhiteElo "2337"]
[BlackElo "2007"]

1. d4 b5 2. e3 Bb7 3. Nf3 a6 4. Be2 e6 5. O-O f5 6. a4 b4 7. Nbd2 Nf6 8. c4 c5
9. dxc5 Bxc5 10. b3 d6 11. Bb2 e5 12. Qc2 Qd7 13. Rad1 O-O 14. Nh4 e4 15. g3 Nc6
16. Rfe1 Ne5 17. Bxe5 dxe5 18. Bf1 Qe6 19. Bh3 Ng4 20. Bf1 Nxf2 21. Kxf2 f4 22.
Nxe4 fxe3+ 23. Kg1 Bxe4 24. Qxe4 e2+ 25. Kh1 exd1=Q 26. Rxd1 Rad8 27. Rxd8 Rxd8
28. Nf3 g6 29. Be2 Qh3 30. Bd3 Qe6 31. Kg2 Kg7 32. h4 Rxd3 33. Qxd3 e4 34. Ng5
exd3 35. Nxe6+ Kf7 36. Ng5+ Ke7 37. Kf3 h6 38. Ne4 Bd4 39. Nd2 Ke6 40. Ke4 Bf2
41. h5 gxh5 42. Kxd3 Bxg3 43. Ne4 Bd6 44. Nxd6 Kxd6 45. Ke4 Ke6 46. a5 Kf6 47.
Kf4 Kg6 48. Ke5 h4 49. Kf4 h5 50. Kf3 Kf5 51. Kg2 Kg4 52. Kh2 Kf4 53. Kh1 h3 54.
Kg1 h4 55. Kh1 Kf5 56. Kg1 Kg5 57. Kh2 Kg4 58. Kg1 Kg5 59. Kh1 Kf4 60. Kh2 Kg4
61. Kh1 Kf5 62. Kg1 Kf4 63. Kf1 Kg3 64. Kg1 Kf4 65. Kh2 Kg4 66. Kg1 h2+ 67. Kg2
Kf4 68. Kxh2 Kg4 69. Kg2 Kf4 70. Kf2 Ke4 71. Kg2 Kf4 72. Kh3 1-0

[Event "AUTO-OPEN-2281"]
[Site "http://www.queenalice.com/game.php?id=907580"]
[Date "2011.3.2"]
[Round "1"]
[White "yonahel"]
[Black "danbots5k"]
[Result "1-0"]
[WhiteElo "1961"]
[BlackElo "2348"]

1. Nc3 e5 2. e4 Nc6 3. f4 Bc5 4. Nf3 d6 5. Bc4 Nf6 6. d3 O-O 7. Nd5 Nxd5 8. Bxd5
Ne7 9. Bb3 exf4 10. Bxf4 d5 11. d4 Bb4+ 12. c3 dxe4 13. Nd2 Ng6 14. Be3 Ba5 15.
O-O Qe7 16. Qh5 Bb6 17. Bg5 Qd7 18. Nxe4 Qg4 19. Qxg4 Bxg4 20. Bd2 h6 21. h3 Be2
22. Rf2 Bd3 23. Re1 Rad8 24. Re3 Bxe4 25. Rxe4 c5 26. Be3 cxd4 27. Bxd4 Rd6 28.
Bxb6 Rxb6 29. Re8 Nh8 30. Re7 Kh7 31. Bd5 a5 32. Rxb7 Rxb7 33. Bxb7 f5 34. Be4
g6 35. g4 Re8 36. Bd5 fxg4 37. hxg4 Re5 38. c4 Rg5 39. Rg2 Kg7 40. Kf2 Kf6 41.
Ke3 Ke7 42. Kd4 h5 43. gxh5 Rxg2 44. Bxg2 gxh5 45. a3 Ng6 46. Kc5 Nf4 47. Be4
Ke6 48. Kb5 Ke5 49. Bf3 h4 50. Kxa5 Kd4 51. Kb5 Nd3 52. a4 h3 53. a5 Ne5 54. Bh1
Nxc4 55. a6 Nd6+ 56. Kc6 Nc8 57. Kb7 Nd6+ 58. Kc6 Nc8 59. Kc7 Na7 60. Kb7 Nb5
61. Kb6 Kc4 62. Bc6 Nd6 63. Kc7 Kc5 64. b4+ 1-0

[Event "AUTO-OPEN-2281"]
[Site "http://www.queenalice.com/game.php?id=907593"]
[Date "2011.3.2"]
[Round "1"]
[White "fredofm"]
[Black "yonahel"]
[Result "0-1"]
[WhiteElo "1300"]
[BlackElo "1944"]

1. d4 Nf6 2. f3 d5 3. Nc3 Bf5 4. Bg5 h6 5. Bxf6 exf6 6. e4 dxe4 7. Bb5+ c6 8.
Bxc6+ Nxc6 9. fxe4 Bh7 10. d5 Ne5 11. Nf3 Bb4 12. O-O Bxc3 13. bxc3 Bxe4 14.
Nxe5 fxe5 15. Qg4 Qb6+ 16. Rf2 Qg6 17. Qxg6 Bxg6 18. d6 Kd7 19. Rd1 Rac8 20. Rf3
Rc6 21. Re3 Rxd6 22. Rb1 b6 23. a4 Bxc2 24. Rf1 f6 25. c4 Rc8 26. Rc3 Bxa4 27.
Ra1 b5 28. Rac1 Rxc4 29. Rxc4 bxc4 30. Rxc4 Bb5 31. Rc1 Rd2 32. Re1 Kd6 33. h3
a5 34. g4 a4 35. h4 a3 36. g5 hxg5 37. h5 a2 0-1

[Event "AUTO-OPEN-2281"]
[Site "http://www.queenalice.com/game.php?id=907594"]
[Date "2011.3.2"]
[Round "1"]
[White "yonahel"]
[Black "fredofm"]
[Result "1-0"]
[WhiteElo "1828"]
[BlackElo "1302"]

1. Nc3 e5 2. e4 Nf6 3. f4 Nc6 4. fxe5 Nxe5 5. d4 Bb4 6. dxe5 Nxe4 7. Qf3 d5 8.
a3 Bxc3+ 9. bxc3 O-O 10. Bd3 Nxc3 11. Bxh7+ Kxh7 12. Qxc3 d4 13. Qd3+ g6 14. Nf3
Bg4 15. Bg5 f6 16. Bxf6 Qe8 17. O-O Bxf3 18. Rxf3 c5 19. Rh3+ Kg8 20. Qc4+ Qf7
21. Rh8# 1-0

[Event "AUTO-OPEN-2285"]
[Site "http://www.queenalice.com/game.php?id=909148"]
[Date "2011.3.6"]
[Round "1"]
[White "boparame"]
[Black "yonahel"]
[Result "1-0"]
[WhiteElo "2279"]
[BlackElo "1967"]

1. d4 b5 2. Nf3 Bb7 3. Bf4 e6 4. e3 c5 5. dxc5 Bxc5 6. Be2 Qb6 7. O-O d5 8. Nd4
a6 9. c3 Ne7 10. b4 Bd6 11. Bxd6 Qxd6 12. Nd2 Nd7 13. N2b3 Rc8 14. Rc1 Nc6 15.
f4 O-O 16. Qd2 Nf6 17. Bd3 Nxd4 18. exd4 Ne4 19. Qe1 f5 20. Nc5 Ba8 21. Qe3 Rf6
22. Rc2 Rh6 23. a4 Nxc5 24. bxc5 Qd7 25. Qe2 bxa4 26. Bxa6 Rb8 27. Rb2 Rxb2 28.
Qxb2 Rf6 29. Qb6 Bc6 30. Rb1 Rf8 31. Bb5 Rc8 32. Bxc6 Rxc6 33. Qb8+ Rc8 34. Qb7
Qe8 35. h3 a3 36. Ra1 Rb8 37. Qa6 Ra8 38. Qb6 Kf7 39. Qb3 Qa4 40. Qxa4 Rxa4 41.
Ra2 Ke7 42. Kf1 Kd7 43. Ke2 Kc6 44. Kd3 Kb5 45. g3 g6 46. Ra1 h6 47. Kc2 g5 48.
Kb3 gxf4 49. gxf4 e5 50. fxe5 a2 51. Rxa2 Rxa2 52. Kxa2 f4 53. c4+ 1-0

[Event "AUTO-OPEN-2285"]
[Site "http://www.queenalice.com/game.php?id=909149"]
[Date "2011.3.6"]
[Round "1"]
[White "yonahel"]
[Black "boparame"]
[Result "1/2-1/2"]
[WhiteElo "1944"]
[BlackElo "2279"]

1. g4 b6 2. Bg2 Nc6 3. c4 Bb7 4. d4 e6 5. h4 h5 6. g5 Bb4+ 7. Bd2 Qc8 8. Rh3
Nge7 9. d5 Bxd2+ 10. Qxd2 Nd8 11. Nc3 e5 12. Re3 d6 13. Bh3 Qb8 14. f4 Ng6 15.
fxe5 dxe5 16. Bf5 O-O 17. Bxg6 fxg6 18. Nf3 Nf7 19. Nxe5 Nxe5 20. Rxe5 Bc8 21.
O-O-O Bg4 22. Qd3 Kh7 23. Re1 Qd8 24. Ne4 Rf5 25. Qd4 Qd7 26. Rxf5 gxf5 27. Nc3
c5 28. Qf4 Re8 29. e4 fxe4 30. Rxe4 Rg8 31. g6+ Kxg6 32. Qg5+ Kh7 33. Re6 Qf7
34. Re5 a6 35. Kc2 Re8 36. Ne4 Qf1 37. Rxe8 Qd1+ 38. Kc3 Qf3+ 39. Kd2 Qe2+ 40.
Kc3 Qf3+ 41. Kd2 Qe2+ 42. Kc3 Qf3+ 1/2-1/2

[Event "AUTO-OPEN-2285"]
[Site "http://www.queenalice.com/game.php?id=909172"]
[Date "2011.3.6"]
[Round "1"]
[White "thotares"]
[Black "yonahel"]
[Result "0-1"]
[WhiteElo "1901"]
[BlackElo "1915"]

1. e4 c5 2. Nf3 d6 3. d4 cxd4 4. Nxd4 Nf6 5. Nc3 a6 6. Be3 e6 7. a4 b6 8. Bc4
Qc7 9. Qe2 Be7 10. O-O Qb7 11. f3 h5 12. Rad1 Bd7 13. Bg5 Nc6 14. f4 Nxd4 15.
Rxd4 d5 16. exd5 Bc5 17. Rd1 Kf8 18. dxe6 Bxe6 19. Bxe6 fxe6 20. Kh1 Bxd4 21.
Rxd4 Re8 22. Bxf6 gxf6 23. Ne4 Qe7 24. Qxa6 e5 25. fxe5 Qxe5 26. Qxb6 f5 27.
Qb4+ Re7 0-1

[Event "AUTO-OPEN-2285"]
[Site "http://www.queenalice.com/game.php?id=909173"]
[Date "2011.3.6"]
[Round "1"]
[White "yonahel"]
[Black "thotares"]
[Result "1/2-1/2"]
[WhiteElo "1947"]
[BlackElo "1908"]

1. Nc3 e5 2. e4 Nf6 3. f4 d6 4. Nf3 Nc6 5. Bb5 Bd7 6. d4 Nxd4 7. Bxd7+ Qxd7 8.
Nxd4 exd4 9. Qxd4 Be7 10. O-O O-O 11. f5 Ng4 12. h3 Ne5 13. Nd5 Rfe8 14. f6 Bf8
15. fxg7 Bxg7 16. Nf6+ Bxf6 17. Rxf6 Re6 18. Bg5 Qb5 19. Raf1 Rxf6 20. Bxf6 Qb6
21. Bxe5 dxe5 22. Qxb6 axb6 23. a3 Ra4 24. Re1 Rd4 25. Kf2 f6 26. Re2 Kf7 27.
Ke3 Ke6 28. Rd2 Rxd2 29. Kxd2 b5 30. b4 h5 31. g4 hxg4 32. hxg4 b6 1/2-1/2

[Event "AUTO-OPEN-2285"]
[Site "http://www.queenalice.com/game.php?id=909186"]
[Date "2011.3.6"]
[Round "1"]
[White "Samba4"]
[Black "yonahel"]
[Result "1-0"]
[WhiteElo "2120"]
[BlackElo "1911"]

1. d4 b5 2. e4 Bb7 3. Nd2 a6 4. f4 c5 5. c3 cxd4 6. cxd4 Qb6 7. Ngf3 Nf6 8. Bd3
d6 9. Qe2 Nc6 10. Nb3 e6 11. Be3 d5 12. e5 Bb4+ 13. Bd2 Bxd2+ 14. Qxd2 Nd7 15.
O-O Rc8 16. f5 Ncxe5 17. fxe6 Nxf3+ 18. Rxf3 fxe6 19. Re1 Rc6 20. Qg5 g6 21. Qh6
Rf8 22. Ref1 Rxf3 23. Rxf3 e5 24. Qxh7 e4 25. Qg8+ Ke7 26. Rf7+ Kd6 27. Qxg6+
Kc7 28. Qg3+ Kd8 29. Be2 Rg6 30. Qh4+ Kc7 31. Nc5 Bc8 32. Bg4 Rd6 33. Qe7 Kc6
34. Bxd7+ Bxd7 35. Rf6 1-0

[Event "AUTO-OPEN-2285"]
[Site "http://www.queenalice.com/game.php?id=909187"]
[Date "2011.3.6"]
[Round "1"]
[White "yonahel"]
[Black "Samba4"]
[Result "1-0"]
[WhiteElo "1828"]
[BlackElo "2090"]

1. g4 d5 2. Bg2 Bxg4 3. c4 e6 4. Qb3 Qc8 5. cxd5 c6 6. dxe6 Bxe6 7. Qg3 Nf6 8.
b3 Nh5 9. Qc3 Nd7 10. Ba3 Bxa3 11. Nxa3 O-O 12. e3 Nb6 13. Ne2 Nd5 14. Bxd5 Bxd5
15. Rg1 g6 16. Qe5 Qd7 17. Qxh5 Qe7 18. Nc2 Be4 19. O-O-O c5 20. d3 Bf5 21. Qxf5
1-0